| 000 | 00506nam a2200169 i 4500 | ||
|---|---|---|---|
| 001 | 71723 | ||
| 003 | ES-MaACL | ||
| 005 | 20230906171218.0 | ||
| 007 | t| | ||
| 008 | 040817s1973 sp ||||1| spa d | ||
| 245 | 0 | 0 |
_aGestión o caos _b: el área metropolitana de Barcelona. |
| 260 |
_aBarcelona : _bAriel, _c[1973] |
||
| 300 |
_a114 p., 9 lám. : _bil. ; _c22 cm. |
||
| 500 | _aPrecede al tit.: Círculo de Economía. | ||
| 710 | 2 |
_aCírculo de Economía. _92819 |
|
| 852 |
_aES-MaACL _jC-53923 _bR.86713 |
||
| 999 |
_c71723 _d71723 |
||